Normal view
MARC view
Entry Personal Name
001 - CONTROL NUMBER
- control field: 245230
003 - CONTROL NUMBER IDENTIFIER
- control field: OSt
005 - DATE AND TIME OF LATEST TRANSACTION
- control field: 20220925173904.0
008 - FIXED-LENGTH DATA ELEMENTS
- fixed length control field: 220925|| aca||aabn | a|a d
040 ## - CATALOGING SOURCE
- Original cataloging agency: OSt
- Transcribing agency: OSt
100 ## - HEADING--PERSONAL NAME
- Personal name: Matyas Antal
670 ## - SOURCE DATA FOUND
- Source citation: Work cat.: (OSt)489284: Matyas Antal, History of modern non-marxian economics, 1980
